Places To Study

There are group study rooms, individual study carrels, computer labs, and other spaces to study in the Libraries.

Reserve A Group Room

Online Resources

Access thousands of eBooks, audiobooks, and online journals from the comfort of your home.

Explore Resources

Events and Workshops

Join our upcoming events and workshops to enhance your skills and knowledge.

View Events

မဟာမုနိရုပ်ရှင်တော်မြတ်ကြီး ကိန်းဝပ်စံပယ်တော်မူရာ ဂန္ဓကုဋိပြသာဒ် ရွှေကျောင်းတော်ကြီးအား ရွှေသားထီးတော်မြတ် တင်လှူပူဇော်ခြင်း။ (Record no. 2662)

MARC details
000 -LEADER
fixed length control field 01099nam a22001697a 4500
003 - CONTROL NUMBER IDENTIFIER
control field OSt
005 - DATE AND TIME OF LATEST TRANSACTION
control field 20251206134934.0
008 - FIXED-LENGTH DATA ELEMENTS--GENERAL INFORMATION
fixed length control field 251206b |||||||| |||| 00| 0 eng d
040 ## - CATALOGING SOURCE
Transcribing agency DCL
082 ## - DEWEY DECIMAL CLASSIFICATION NUMBER
Classification number ၂၉၄.၃၄၃၅၀၉
245 00 - TITLE STATEMENT
Title မဟာမုနိရုပ်ရှင်တော်မြတ်ကြီး ကိန်းဝပ်စံပယ်တော်မူရာ ဂန္ဓကုဋိပြသာဒ် ရွှေကျောင်းတော်ကြီးအား ရွှေသားထီးတော်မြတ် တင်လှူပူဇော်ခြင်း။
264 ## - PRODUCTION, PUBLICATION, DISTRIBUTION, MANUFACTURE, AND COPYRIGHT NOTICE
Place of production, publication, distribution, manufacture ရန်ကုန် ၊
Name of producer, publisher, distributor, manufacturer ချိုတေးသံစာပေ၊
Date of production, publication, distribution, manufacture, or copyright notice [၂၀၀၂]။
300 ## - PHYSICAL DESCRIPTION
Extent ၂၁၄ စာမျက်နှာ ၊
Other physical details ဓာတ်ပုံများ ၊
Dimensions ၃၀ စင်တီ။
650 ## - SUBJECT ADDED ENTRY--TOPICAL TERM
Topical term or geographic name entry element ဂန္ဓကုဋိပြသာဒ် ရွှေကျောင်းတော်ကြီး
650 ## - SUBJECT ADDED ENTRY--TOPICAL TERM
Topical term or geographic name entry element မဟာမုနိရုပ်ရှင်တော်မြတ်ကြီး
942 ## - ADDED ENTRY ELEMENTS (KOHA)
Source of classification or shelving scheme Dewey Decimal Classification
Koha item type Short Term
Suppress in OPAC No
Holdings
Withdrawn status Lost status Source of classification or shelving scheme Damaged status Not for loan Collection Accession No. Home library Current library Shelving location Date acquired Total checkouts Full call number Barcode Date last seen Price effective from Koha item type
    Dewey Decimal Classification     Myanmar Collection ၁၈၀၂ Dhammadhara Dhammadhara Myanmar Shelves 06/12/2025   ၂၉၄.၃၄၃၅ မ ၁၈၀၂ MB00001802 06/12/2025 06/12/2025 Short Term